| 000 | 00797nam a2200253 a 4500 | ||
|---|---|---|---|
| 001 | 000082045 | ||
| 005 | 20200120224652.0 | ||
| 008 | 161129s2016 ck ||||gr|||| 001 ||spa d | ||
| 020 | _a9789583511035 | ||
| 041 | 0 | _a/-spa | |
| 043 | _as-ck--- | ||
| 082 | 0 | 4 |
_a347 _bB24 _221 |
| 100 | 1 | _aBejarano Guzmán, Ramiro | |
| 245 | 1 | 0 |
_aProcesos declarativos, arbitrales y ejecutivos / _cRamiro Bejarano Guzmán. |
| 250 | _a6a. ed. | ||
| 260 |
_aBogotá : _bEditorial Temis, _c2016. |
||
| 300 | _a644 páginas. | ||
| 500 | _aIncluye índice | ||
| 504 | _aReferencias bibliográficas : p.619-620 | ||
| 650 | 1 | 7 |
_aConciliación (Derecho civil) _zColombia _2LEMB |
| 650 | 2 | 7 |
_aProcedimiento civil _zColombia _2LEMB |
| 650 | 2 | 7 |
_aProcesos civiles _zColombia _2LEMB |
| 650 | 2 | 7 |
_aArbitramento _zColombia _2LEMB |
| 999 |
_c10453 _d10453 |
||